Classic Novels - Guess the Author - Statistics

General Stats
  • This quiz has been taken 95 times
  • The average score is 17 of 25
Answer Stats
Hint Answer % Correct
Animal Farm George Orwell, Christopher Hitchens
94%
1984 George Orwell
93%
Wuthering Heights Emily Bronte
83%
Pride and Prejudice Jane Austen
83%
Great Expectations Charles Dickens, Margaret Cardwell, Kate Flint
82%
Jane Eyre Charlotte Bronte, Michael Mason
82%
Frankenstein Mary Shelle
82%
The Great Gatsby Frances Scott Fitzgerald
81%
The Odyssey Homer
81%
Emma Jane Austen, Fiona Stafford
80%
War and Peace Leo Tolstoy, Louise Maude, Aylmer Maude
77%
Les Miserables Victor Hugo, Isabel F. Hapgood, et. al
76%
Little Women Louisa May Alcott, Frank Merrill, Alice L. George
67%
East of Eden John Steinbeck
65%
Of Mice and Men John Steinbeck
65%
To Kill a Mockingbird Harper Lee
64%
Adventures of Huckleberry Finn Mark Twain
64%
The Grapes of Wrath John Steinbeck, Robert DeMott
63%
The Catcher in the Rye J.D. Salinger
60%
Dracula Bram Stoker
59%
Fahrenheit 451 Ray Bradbury
59%
The Count of Monte Cristo Alexandre Dumas, Robin Buss
54%
Lord of the Flies William Golding
48%
Lolita Vladmir Nabokov
47%
The Scarlet Letter Nathaniel Hawthrone, Thomas E. Connolly, Nina Baym
30%
No matching quizzes found
Score Distribution
Percent of People with Each Score
Percentile by Number Answered
Your Score History
You have not taken this quiz